The future of U.S. ocean policy : (Record no. 12655)

000 -LEADER
fixed length control field 00748cam a22002054a 4500
020 ## - INTERNATIONAL STANDARD BOOK NUMBER
ISBN 1559636750 (cloth)
020 ## - INTERNATIONAL STANDARD BOOK NUMBER
ISBN 1559636769 (paper)
040 ## - CATALOGING SOURCE
Transcribing agency DLC
082 00 - DEWEY DECIMAL CLASSIFICATION NUMBER
Classification number 333 ISL 2000 A020 Or.
100 1# - MAIN ENTRY--AUTHOR NAME
Personal name Cicin-Sain, Biliana.
245 14 - TITLE STATEMENT
Title The future of U.S. ocean policy :
Remainder of title choices for the new century /
260 ## - PUBLICATION, DISTRIBUTION, ETC. (IMPRINT)
Place of publication Washington, D.C. :
Name of publisher Island Press,
Year of publication c2000.
300 ## - PHYSICAL DESCRIPTION
Number of Pages xv, 398 p. :
Other physical details ill., maps ;
Dimensions 24 cm.
500 ## - GENERAL NOTE
General note "Center for the Study of Marine Policy Graduate College of Marine Studies, University of Delaware."
650 #0 - SUBJECT ADDED ENTRY--TOPICAL TERM
Topical Term Marine resources development
650 #0 - SUBJECT ADDED ENTRY--TOPICAL TERM
Topical Term Marine resources conservation
700 1# - ADDED ENTRY--PERSONAL NAME
Personal name Knecht, Robert W.
856 42 - ELECTRONIC LOCATION AND ACCESS
Uniform Resource Identifier http://www.loc.gov/catdir/enhancements/fy0666/99037170-d.html
942 ## - ADDED ENTRY ELEMENTS (KOHA)
Koha item type សៀវភៅភាសាអង់គ្លេស
952 ## - LOCATION AND ITEM INFORMATION (KOHA)
Withdrawn status [LOCAL, KOHA] 0
Holdings
Permanent Location Date acquired Koha item type Lost status Shelving location Barcode Current Location Full call number
Library Block A2017-08-16សៀវភៅភាសាអង់គ្លេស A066A18388Library Block A333 ISL 2000 A066 Or.
មជ្ឈមណ្ឌលឯការនៃសាកលវិទ្យាល័យភូមិន្ទកសិកម្មចំការដូង

Powered by Koha